000 00665nam a2200217 i 4500
001 36466
003 ES-MaACL
005 20250911062638.0
007 t|
008 030218s1971 sp ||||1| spa d
100 1 _aBulgakov, Mijail Afanas'evich.
_932496
245 1 3 _aLa guardia blanca /
_cMijail A. Bulgakov ; [traducido del ruso: José Laín Entralgo].
250 _a[1ª ed.].
260 _a[Barcelona] :
_bDestino,
_c[1971]
300 _a299 p. ;
_c19 cm.
490 1 _aAncora y delfín ;
_v367
700 1 _aLaín Entralgo, José.
_969679
830 0 0 _aÁncora y Delfín
_v367
_9151298
852 _aES-MaACL
_jC-49661
_bR.77048
999 _c36466
_d36466